00569nam a2200157 a 450000100100000000500170001000800410002702000150006804000250008310000290010824500820013726001000021930000350031970000330035470000240038700003416920240305133544.0110926s2000 dr 000 0 spa d a8480123052 aDO-SdBNPbspacBNPHU1 aCabezas Esteban, Antonio10aSabor a caña /cAntonio Cabezas Esteban, José Luis Sáez, Harry Hoetink. a[Santo Domingo] :bPatronato de la Ciudad de Santo DomingobCentro Cultural de España,c2000. a84 p, 24 lam. :bil. ;c22 cm.1 a Sáez , José Luisd1937-1 aHoetink, H.,d1931-